000 00317nam a22001337a 4500
008 170804b xxu||||| |||| 00| 0 eng d
020 _a9780132808439
041 _aeng
080 _a004
100 _a32
101 _aSHKI
245 _aPRACTICAL DATA STRUCTURES USING C/C++
_cANTONAKOS, J.L
942 _2udc
_cBK
999 _c22669
_d22669